[Event "Sarajevo Agentlocator"]
[Site "Sarajevo"]
[Date "2023.12.24"]
[Round "10"]
[White "Mesic, Ismet"]
[Black "Trkulja, Goran"]
[Result "1-0"]
[WhiteElo "2270"]
[BlackElo "2236"]
[PlyCount "101"]
[EventDate "2023.12.22"]
[EventType "tourn (rapid)"]
[EventRounds "11"]
[EventCountry "BIH"]
[EventCategory "6"]
[SourceTitle "CB52_2023"]
[SourceDate "2023.12.27"]
[SourceVersion "1"]
[SourceVersionDate "2023.12.27"]
[SourceQuality "1"]

1. b3 b5 2. e3 b4 3. a3 c5 4. axb4 cxb4 5. Bb2 e6 6. Nf3 Bb7 7. Be2 Nf6 8. 0-0 Be7 9. c3 bxc3 10. Nxc3 0-0 11. Ba3 d6 12. d4 Nbd7 13. Nb5 Qb6 14. Nd2 Nd5 15. Nxd6 Bxd6 16. Nc4 Bxh2+ 17. Kxh2 Qd8 18. Nd6 Qh4+ 19. Kg1 Nc3 20. Qd2 Nxe2+ 21. Qxe2 Rfb8 22. Nxb7 Rxb7 23. Qf3 Rbb8 24. Bd6 Rd8 25. Qb7 Nf6 26. Rxa7 Rxa7 27. Qxa7 h6 28. b4 Qh5 29. Qc5 Qe2 30. Be5 Ne4 31. Qc6 Nd2 32. Rc1 Nb3 33. Rb1 Nd2 34. Ra1 Kh7 35. Qc2+ g6 36. Qc7 Rf8 37. Qe7 Ne4 38. Rf1 Kg8 39. Qh4 Nd2 40. Rc1 f6 41. Bxf6 Qh5 42. Qxh5 gxh5 43. Be5 Ne4 44. b5 Rxf2 45. b6 Rb2 46. Rc8+ Kf7 47. Rc7+ Kg6 48. Rg7+ Kf5 49. b7 Rb1+ 50. Kh2 Nf2 51. Rf7+ 1-0

[Event "BIH-chT 21st"]
[Site "Sarajevo"]
[Date "2023.11.03"]
[Round "4.6"]
[White "Lipovcic, Marko"]
[Black "Trkulja, Goran"]
[Result "1-0"]
[WhiteElo "2233"]
[BlackElo "2246"]
[PlyCount "81"]
[EventDate "2023.10.31"]
[EventType "team-tourn"]
[EventRounds "9"]
[EventCountry "BIH"]
[SourceTitle "Mega2024 Update 01"]
[Source "Chessbase"]
[SourceDate "2023.11.12"]
[SourceVersion "1"]
[SourceVersionDate "2023.11.12"]
[SourceQuality "1"]
[WhiteTeam "Bihac"]
[BlackTeam "Sarajevo SK"]
[WhiteTeamCountry "BIH"]
[BlackTeamCountry "BIH"]

1. d4 Nf6 2. c4 c5 3. Nf3 cxd4 4. Nxd4 e5 5. Nb5 d6 6. g3 a6 7. N5c3 Be6 8. b3 Be7 9. Bg2 Nc6 10. 0-0 0-0 11. Na3 Rb8 12. Nc2 Qd7 13. a4 Bh3 14. Ne3 Bxg2 15. Kxg2 Nd4 16. Ned5 Nxd5 17. Nxd5 b5 18. Be3 Ne6 19. cxb5 axb5 20. a5 Bg5 21. Bb6 Bd8 22. f3 Bxb6 23. Nxb6 Qe7 24. b4 Rfd8 25. Nd5 Qa7 26. Qd3 Nc7 27. Ne7+ Kh8 28. Nc6 Qb7 29. Nxb8 Qxb8 30. Rfc1 Na6 31. Qb3 d5 32. Rc6 Qa8 33. Rac1 h5 34. Qc3 d4 35. Qb3 Kg8 36. Rb6 e4 37. fxe4 Nxb4 38. Rxb5 Qxe4+ 39. Qf3 Qe7 40. Rb7 Qf8 41. Rcc7 1-0

[Event "BIH-chT1 30th"]
[Site "Gorazde"]
[Date "2023.08.28"]
[Round "4.1"]
[White "Trkulja, Goran"]
[Black "Milanovic, Slavisa"]
[Result "0-1"]
[WhiteElo "2255"]
[BlackElo "2316"]
[PlyCount "72"]
[EventDate "2023.08.26"]
[EventType "team-tourn"]
[EventRounds "9"]
[EventCountry "BIH"]
[SourceTitle "EXT 2024"]
[Source "ChessBase"]
[SourceDate "2023.10.10"]
[SourceVersion "1"]
[SourceVersionDate "2023.10.10"]
[SourceQuality "1"]

1. e4 e6 2. d4 d5 3. Nd2 c5 4. Ngf3 Nf6 5. exd5 Nxd5 6. dxc5 Bxc5 7. Ne4 Be7 8. Bb5+ Bd7 9. Bxd7+ Qxd7 10. 0-0 0-0 11. Qe2 Qc7 12. c4 Nf4 13. Bxf4 Qxf4 14. Rfd1 Qc7 15. c5 Na6 16. Rac1 Rfd8 17. Rxd8+ Rxd8 18. g3 Rd5 19. c6 Nb4 20. Nc3 Qxc6 21. a3 Na6 22. Re1 Rd8 23. Ne5 Qb6 24. b4 Bf6 25. Nc4 Qc7 26. Nb5 Qd7 27. Nxa7 b6 28. Ne5 Bxe5 29. Qxa6 Bc3 30. Rc1 Bb2 31. Rb1 Bd4 32. Nb5 Bxf2+ 33. Kxf2 Qd2+ 34. Kg1 Qe3+ 35. Kf1 Qd3+ 36. Kg1 Qxb1+ 0-1

[Event "BIH-chT1 30th"]
[Site "Gorazde"]
[Date "2023.08.27"]
[Round "2.1"]
[White "Trkulja, Goran"]
[Black "Popovic, Zoran"]
[Result "1-0"]
[WhiteElo "2255"]
[BlackElo "2232"]
[PlyCount "79"]
[EventDate "2023.08.26"]
[EventType "team-tourn"]
[EventRounds "9"]
[EventCountry "BIH"]
[SourceTitle "EXT 2024"]
[Source "ChessBase"]
[SourceDate "2023.10.10"]
[SourceVersion "1"]
[SourceVersionDate "2023.10.10"]
[SourceQuality "1"]

1. Nf3 Nf6 2. g3 g6 3. Bg2 Bg7 4. d4 d6 5. 0-0 0-0 6. c4 Nc6 7. Nc3 a6 8. Bd2 e5 9. d5 Nd4 10. Nh4 Nf5 11. Nxf5 Bxf5 12. e4 Bg4 13. f3 Bd7 14. Be3 b6 15. b4 a5 16. a3 Ne8 17. c5 f5 18. cxb6 cxb6 19. b5 Nf6 20. Qd3 fxe4 21. Nxe4 Nxe4 22. fxe4 Rxf1+ 23. Qxf1 a4 24. Bh3 Qe8 25. Bxd7 Qxd7 26. Rc1 Qg4 27. Qd3 Rf8 28. Bxb6 Rf3 29. Qc2 Rxa3 30. Qc8+ Qxc8 31. Rxc8+ Kf7 32. Rc7+ Kg8 33. Ra7 Rb3 34. Bc7 Rxb5 35. Bxd6 Rb1+ 36. Kg2 Rb2+ 37. Kf3 Ra2 38. Be7 Bh6 39. d6 Ra3+ 40. Kg4 1-0

[Event "Sarajevo Agent Locator Cup"]
[Site "Sarajevo"]
[Date "2022.12.23"]
[Round "1"]
[White "Trkulja, Goran"]
[Black "Dizdarevic, Emir"]
[Result "1-0"]
[WhiteElo "2267"]
[BlackElo "2355"]
[PlyCount "53"]
[EventDate "2022.12.23"]
[EventType "tourn"]
[EventRounds "9"]
[EventCountry "BIH"]
[EventCategory "7"]
[SourceTitle "CBM 211 Extra"]
[Source "ChessBase"]
[SourceDate "2023.01.31"]
[SourceVersion "1"]
[SourceVersionDate "2023.01.31"]
[SourceQuality "1"]

1. e4 c6 2. Nc3 d5 3. Nf3 e6 4. d4 Bb4 5. e5 Ne7 6. h4 b6 7. a3 Bxc3+ 8. bxc3 h6 9. h5 Ba6 10. Bxa6 Nxa6 11. Qe2 Nb8 12. Nh4 c5 13. Qg4 Rg8 14. 0-0 cxd4 15. cxd4 Nbc6 16. Be3 Qd7 17. Bd2 Rc8 18. a4 Nxd4 19. Qxd4 Rc4 20. Qd3 Rxh4 21. a5 b5 22. a6 Rc4 23. Rfb1 f5 24. Ra5 Kf7 25. Raxb5 Rgc8 26. Rb7 Qc6 27. Bb4 1-0

[Event "BIH-chT 29th"]
[Site "Bihac"]
[Date "2022.08.25"]
[Round "5.2"]
[White "Dizdarevic, Emir"]
[Black "Trkulja, Goran"]
[Result "1/2-1/2"]
[WhiteElo "2378"]
[BlackElo "2260"]
[PlyCount "70"]
[EventDate "2022.08.23"]
[EventType "tourn"]
[EventRounds "9"]
[EventCountry "BIH"]
[SourceTitle "CBM 210 Extra"]
[Source "ChessBase"]
[SourceDate "2022.11.30"]
[SourceVersion "1"]
[SourceVersionDate "2022.11.30"]
[SourceQuality "1"]

1. Nf3 d5 2. g3 g6 3. c4 c6 4. cxd5 cxd5 5. Bg2 Bg7 6. d4 Nf6 7. 0-0 0-0 8. Ne5 Nc6 9. Nc3 Nxe5 10. dxe5 Ng4 11. Nxd5 Nxe5 12. Bg5 Nc6 13. Qd2 f6 14. Be3 e6 15. Nb4 Qxd2 16. Bxd2 Bd7 17. Nxc6 Bxc6 18. Bxc6 bxc6 19. Rac1 Rfc8 20. Rc4 Bf8 21. Rfc1 Rab8 22. b3 c5 23. Be3 Rb5 24. b4 Kf7 25. a4 Rb7 26. Bxc5 Rbc7 27. Kg2 a5 28. R4c3 Ke8 29. e4 Kd7 30. Rd3+ Ke8 31. Rb1 Bxc5 32. bxc5 Rxc5 33. Rd6 R5c6 34. Rxc6 Rxc6 35. Rb7 Rc4 1/2-1/2

[Event "BIH-chT 19th"]
[Site "Neum"]
[Date "2021.09.23"]
[Round "8.4"]
[White "Dizdarevic, Emir"]
[Black "Trkulja, Goran"]
[Result "1/2-1/2"]
[WhiteElo "2417"]
[BlackElo "2285"]
[PlyCount "49"]
[EventDate "2021.09.17"]
[EventType "team-tourn"]
[EventRounds "9"]
[EventCountry "BIH"]
[SourceTitle "EXT 2023"]
[Source "ChessBase"]
[SourceDate "2022.10.05"]
[SourceVersion "1"]
[SourceVersionDate "2022.10.05"]
[SourceQuality "1"]
[WhiteTeam "Sarajevo Napredak"]
[BlackTeam "Bihac"]
[WhiteTeamCountry "BIH"]
[BlackTeamCountry "BIH"]

1. c4 g6 2. g3 Bg7 3. Bg2 c6 4. Nc3 Nf6 5. e4 0-0 6. Nge2 d6 7. 0-0 Nbd7 8. d4 Rb8 9. a4 a6 10. a5 b5 11. axb6 Qxb6 12. Ra3 c5 13. d5 e6 14. b3 exd5 15. exd5 Re8 16. h3 Ne5 17. g4 h6 18. Ng3 Qd8 19. Nce2 Nh7 20. f4 Nd7 21. Bd2 Qh4 22. Be1 Qe7 23. Kh1 Ndf6 24. Bf3 h5 25. g5 1/2-1/2

[Event "BIH-chTA 27th"]
[Site "Lukavac"]
[Date "2020.11.03"]
[Round "8.2"]
[White "Hogic, Enes"]
[Black "Trkulja, Goran"]
[Result "0-1"]
[WhiteElo "1966"]
[BlackElo "2297"]
[PlyCount "100"]
[EventDate "2020.10.30"]
[EventType "team-tourn"]
[EventRounds "9"]
[EventCountry "BIH"]
[SourceTitle "CBM 199 Extra"]
[Source "ChessBase"]
[SourceDate "2021.01.31"]
[SourceVersion "1"]
[SourceVersionDate "2021.01.31"]
[SourceQuality "1"]
[WhiteTeam "Srebrenik"]
[BlackTeam "Zenica Celik"]
[WhiteTeamCountry "BIH"]
[BlackTeamCountry "BIH"]

1. e4 c5 2. Nf3 d6 3. Bb5+ Nd7 4. c3 a6 5. Be2 Ngf6 6. d3 g6 7. h3 Bg7 8. Be3 c4 9. Qc2 cxd3 10. Bxd3 Nc5 11. Nbd2 Nxd3+ 12. Qxd3 0-0 13. g4 b5 14. Bd4 e5 15. Be3 Bb7 16. Bg5 h6 17. Bxf6 Qxf6 18. Qe3 d5 19. exd5 Bxd5 20. Rg1 Qe6 21. g5 Qxh3 22. Rg3 Qh1+ 23. Rg1 Qh5 24. 0-0-0 hxg5 25. Ne4 Rad8 26. Rxg5 Qh3 27. Rg3 Qf5 28. Nfd2 Qf4 29. Rh3 Qxe3 30. fxe3 a5 31. Rg1 Rc8 32. Nd6 Rb8 33. e4 Be6 34. Rhg3 Rfd8 35. Nf5 Bxf5 36. exf5 Bh6 37. R1g2 Rxd2 38. Rxd2 Rd8 39. Rgg2 Rxd2 40. Rxd2 gxf5 41. Kd1 Bxd2 42. Kxd2 Kf8 43. Ke3 Ke7 44. b3 Kd6 45. Kd3 f4 46. Ke4 f5+ 47. Kd3 e4+ 48. Ke2 f3+ 49. Ke3 f4+ 50. Kf2 Kc5 0-1